Statistics for Biggest Cities and Towns in Manitoba

Click here to take the quiz!

General Stats

  • This quiz has been taken 152 times
  • The average score is 10 of 20

Answer Stats

PopulationAnswer% Correct
663,617Winnipeg
99%
46,061Brandon
92%
12,829Thompson
74%
12,996Portage la Prairie
71%
13,524Steinbach
71%
5,363Flin Flon
68%
8,251Dauphin
63%
5,513The Pas
59%
10,670Winkler
58%
9,834Selkirk
57%
7,812Morden
51%
3,629Neepawa
31%
3,114Virden
31%
4,536Stonewall
27%
4,088Altona
26%
3,126Beausejour
25%
3,907Swan River
25%
3,027Carman
23%
3,540Niverville
21%
4,758Norway House
18%

Score Distribution

Percentile by Number Answered

Percent of People with Each Score

Your Score History

You have not taken this quiz